Aplicacion del HDM en el analisis de alternativas de mantenimiento para carreteras con pavimentos asfalticos en Costa Rica
保存先:
| 第一著者: | |
|---|---|
| フォーマット: | 学位論文 図書 |
| 言語: | Undetermined |
| 出版事項: |
1982
|
| 主題: | |
| タグ: |
タグ追加
タグなし, このレコードへの初めてのタグを付けませんか!
|
MARC
| LEADER | 00000nam a2200000Ia 4500 | ||
|---|---|---|---|
| 001 | 2020 | ||
| 008 | 140114s9999 xx 000 0 und d | ||
| 100 | |a Delgado, Isidro | ||
| 245 | |a Aplicacion del HDM en el analisis de alternativas de mantenimiento para carreteras con pavimentos asfalticos en Costa Rica | ||
| 260 | |c 1982 | ||
| 500 | |a NULL | ||
| 502 | |a Escuela de ingenieria Civil | ||
| 650 | |z CARRETERAS | ||
| 999 | |c 11491 |d 11491 | ||
